A Common Pool Market Formulation for Trading Emission Discharge Permits

Model, ktorý pomocou sady lineárneho programovania formulácií a sady numerických simulácií plánuje preukázať užitočnosť spoločnej štruktúry trhu pri riešení konkrétnych problémov životného prostredia.

Uložené v:
Podrobná bibliografia
Hlavný autor: Willett, Keith
Ďalší autori: Čaplánová, Anetta, 1967-, Sivák, Rudolf, 1955-
Médium: Kapitola
Jazyk:English
Predmet:
Tagy: Pridať tag
Žiadne tagy, Buďte prvý, kto otaguje tento záznam!

MARC

LEADER 00000naa$a2200000$$$4500
001 0208990
005 20240502083522.5
041 0 |a eng 
044 |a MY 
245 1 0 |a A Common Pool Market Formulation for Trading Emission Discharge Permits  |c Keith Willett, Anetta Čaplánová, Rudolf Sivák 
520 |a Model, ktorý pomocou sady lineárneho programovania formulácií a sady numerických simulácií plánuje preukázať užitočnosť spoločnej štruktúry trhu pri riešení konkrétnych problémov životného prostredia. 
610 2 0 |a modely ekonomické 
610 2 0 |a modely ekonometrické 
610 2 0 |a metódy simulačné 
610 2 0 |a programovanie 
610 2 0 |a simulácia 
610 2 0 |a znečistenie ovzdušia 
610 2 0 |a environmentalistika 
100 1 |a Willett, Keith 
700 1 |a Čaplánová, Anetta, 1967- 
700 1 |a Sivák, Rudolf, 1955-